skbl

Dr Suryya Kumar Bhuyan Library Web-OPAC
ডঃ সূৰ্য্য
কুমাৰ ভূঞা পুথিভঁৰাল ৱেব-অ'পেক

All Research Scholars are advised to clear the annual library fees to continue using Library Resources, Remote Access, Plagiarism Test and Library Clearance.

Cotton University Book Fair 2026

Interpreting Early India (Record no. 59622)

MARC details
000 -LEADER
fixed length control field 00527nam a2200193Ia 4500
001 - CONTROL NUMBER
control field 59746
008 - FIXED-LENGTH DATA ELEMENTS--GENERAL INFORMATION
fixed length control field 160511n ii |||gr||||Z||||||465
020 ## - INTERNATIONAL STANDARD BOOK NUMBER
International Standard Book Number 9780195633429
082 ## - DEWEY DECIMAL CLASSIFICATION NUMBER
Classification number 934
100 ## - MAIN ENTRY--PERSONAL NAME
Personal name Thapar,Romila .
245 #0 - TITLE STATEMENT
Title Interpreting Early India
Statement of responsibility, etc. By Romila Thapar
Medium Textual Documents
250 ## - EDITION STATEMENT
Edition statement Eighteenth edn--2015.
260 ## - PUBLICATION, DISTRIBUTION, ETC.
Place of publication, distribution, etc. New Delhi
Name of publisher, distributor, etc. Oxford University Press
300 ## - PHYSICAL DESCRIPTION
Extent 190pg:
Other physical details index;
Dimensions 23cm.
653 ## - INDEX TERM--UNCONTROLLED
Uncontrolled term History
653 ## - INDEX TERM--UNCONTROLLED
Uncontrolled term Interpreting Early India
653 ## - INDEX TERM--UNCONTROLLED
Uncontrolled term MS-History
942 ## - ADDED ENTRY ELEMENTS (KOHA)
Source of classification or shelving scheme Dewey Decimal Classification
Koha item type Books
Holdings
Withdrawn status Lost status Damaged status Not for loan Collection Home library Current library Shelving location Date acquired Coded location qualifier Cost, normal purchase price Total checkouts Full call number Barcode Date last seen Copy number Price effective from Koha item type
          Dr. Suryya Kumar Bhuyan Library Dr. Suryya Kumar Bhuyan Library   11/05/2016 00000 275.00   934 Th 32 In 3342/el 14/01/2024 1 11/05/2016 Books

Designed and Maintained by Team SKBL
©1901-2026

Powered by Koha